• 首页
  • 本馆介绍
  • 公告通知
  • 最新文献
  • 馆藏检索
  • 电子资源
  • 读者导购
  • 参考咨询
  • 我的图书馆
  • 登录
  • 详细信息显示
  • 放入我的书架
  • 预约/预借图书
  • 作者相关作品
  • 分类相关作品
  • 丛书相关作品
  • 出版社相关作品

书目信息

  • 表格格式
  • 工作单格式
  • 卡片格式
题名:
线路工程测量
    
 
作者: 关红亮 , 蔡英利 主编
分册:  
出版信息: 北京   中国铁道出版社  2013
页数: 128页
开本: 26cm
丛书名:
单 册:
中图分类: U212.24
科图分类:
主题词: 铁路测量--线路测量--高等职业教育--教材 , 铁路测量 , 线路测量
电子资源:
ISBN: 978-7-113-15798-2
000 00925nam0 2200265 450
001 2334646677
005 20231129093757.81
010    @a978-7-113-15798-2@dCNY20.00
100    @a20130522d2013 em y0chiy0120 ea
101 0  @achi
102    @aCN@b110000
105    @aa z 000yy
200 1  @a线路工程测量@9xian lu gong cheng ce liang@b专著@f关红亮,蔡英利主编
210    @a北京@c中国铁道出版社@d2013
215    @a128页@c图@d26cm
300    @a高等职业教育测绘类专业“十二五”规划教材
330    @a本书包括六个项目:线路工程测量基础知识、铁路工程测量、铁路既有线和既有站场测量、公路工程测量、管道工程测量、架空送电线路测量。
606 0  @a铁路测量@x线路测量@x高等职业教育@j教材
606 0  @a铁路测量
606 0  @a线路测量
690    @aU212.24@v5
701  0 @a关红亮@9guan hong liang@c(高职教育)@4主编
701  0 @a蔡英利@9cai ying li@f(1982 )@4主编
801  2 @aCN@b58marc.cn@c20150101
905    @aBZT@dU212.24@e2
    
    线路工程测量/关红亮,蔡英利主编.-北京:中国铁道出版社,2013
    128页:图;26cm
    高等职业教育测绘类专业“十二五”规划教材
    
    ISBN 978-7-113-15798-2:CNY20.00
    本书包括六个项目:线路工程测量基础知识、铁路工程测量、铁路既有线和既有站场测量、公路工程测量、管道工程测量、架空送电线路测量。
●
相关链接 在五车中查询图书 在当当中查询图书 在豆瓣中查询图书


正题名:线路工程测量     索取号:U212.24/2         预约/预借

序号 登录号 条形码 馆藏地/架位号 状态 备注
1 2001184588   2001184588   东辅楼二楼书库/ [索取号:U212.24/2] 在馆    
2 2001184589   2001184589   东辅楼二楼书库/ [索取号:U212.24/2] 在馆    
3 2001184590   2001184590   东辅楼二楼书库/ [索取号:U212.24/2] 在馆    
4 2001184591   2001184591   东辅楼二楼书库/ [索取号:U212.24/2] 在馆    
5 2001184592   2001184592   东辅楼二楼书库/ [索取号:U212.24/2] 在馆    
6 2001184593   2001184593   东辅楼二楼书库/ [索取号:U212.24/2] 在馆    
7 2001184594   2001184594   东辅楼二楼书库/ [索取号:U212.24/2] 在馆    
8 2001184595   2001184595   东辅楼二楼书库/ [索取号:U212.24/2] 在馆    
9 2001184596   2001184596   东辅楼二楼书库/ [索取号:U212.24/2] 在馆    
10 2001184597   2001184597   东辅楼二楼书库/ [索取号:U212.24/2] 在馆    
11 2001184598   2001184598   东辅楼二楼书库/ [索取号:U212.24/2] 在馆    
12 2001184599   2001184599   东辅楼二楼书库/ [索取号:U212.24/2] 在馆    
13 2001184600   2001184600   东辅楼二楼书库/ [索取号:U212.24/2] 在馆    
14 2001184601   2001184601   东辅楼二楼书库/ [索取号:U212.24/2] 在馆    
15 2001184602   2001184602   东辅楼二楼书库/ [索取号:U212.24/2] 在馆    
16 2001184603   2001184603   东辅楼二楼书库/ [索取号:U212.24/2] 在馆    
17 2001184604   2001184604   东辅楼二楼书库/ [索取号:U212.24/2] 在馆    
18 2001184605   2001184605   东辅楼二楼书库/ [索取号:U212.24/2] 在馆    
19 2001184606   2001184606   东辅楼二楼书库/ [索取号:U212.24/2] 在馆    
20 2001184607   2001184607   东辅楼二楼书库/ [索取号:U212.24/2] 在馆    
21 2001184608   2001184608   东辅楼二楼书库/ [索取号:U212.24/2] 在馆    
22 2001184609   2001184609   东辅楼二楼书库/ [索取号:U212.24/2] 在馆    
23 2001184610   2001184610   东辅楼二楼书库/ [索取号:U212.24/2] 在馆    
24 2001184611   2001184611   东辅楼二楼书库/ [索取号:U212.24/2] 在馆    
25 2001184612   2001184612   东辅楼二楼书库/ [索取号:U212.24/2] 在馆    
26 2001184613   2001184613   东辅楼二楼书库/ [索取号:U212.24/2] 在馆    
27 2001184614   2001184614   东辅楼二楼书库/ [索取号:U212.24/2] 在馆    
28 2001184615   2001184615   东辅楼二楼书库/ [索取号:U212.24/2] 在馆    
29 2001184616   2001184616   东辅楼二楼书库/ [索取号:U212.24/2] 在馆    
30 2001184617   2001184617   东辅楼二楼书库/ [索取号:U212.24/2] 在馆    
山东省滨州职业学院图书馆 欢迎您!
大连网信软件有限公司© 版权所有